1320 1106 1928 1153 1022 1071 1126 1494 1126 1215 1593 1556 1159 1688 1520 1035 1874 1721 1938 1207 1876 1560 1315 1509 1203 1340 1146 1405 1299 1063 1039 1659 1241 1715 1252 1137 1201 1130 1752 1958 1363 1752 1193 1816 1250 1311 1979 1203 1349 1397 1841 1730 1233 1559 1498 1940 1814 1371 1849 1500 1065 1389 1781 1263 1511 1732 1195 1395 1320 1413 1470 1681 1044 1291 1238 1994 1602 1348 1976 1513 1272 1840 1705 1897 1188 1845 1663 1943 1577 1602 1025 1120 1979 1010 1080 1442 1767 1821 1516 BCNSPRNW ULIB Ver.6.0+V

เปลี่ยนเป็นภาษาไทย

Change to English
 แสดงรายละเอียดบรรณานุกรม
  กลับหน้าหลัก

Brief Record : Get Marc (ISO 2709) : E-mail record : QR code < ปิดหน้าต่าง
LEADER : 00000nam 2200000uu 4500
001    13399114074
003     ULIB
008    120214s2546||||th 000 0 tha d
020    ^a9749143779
060 04 ^aWA380^bส692จ 2546
245 00 ^aจากสุขภาพทางจิตวิญญาณสู่สุขภาพทางปัญญา /^cสำนักงานปฏิรูประบบสุขภาพแห่งชาติ ; บรรณาธิการ, พลินี เสริมสินสิริ, สุภกาญจน์ สว่างศรี, สมฤทัย เสือปาน
250    ^aพิมพ์ครั้งที่ 1
260    ^aนนทบุรี :^bสำนักงาน,^c2546
300    ^a[6], 144 หน้า ;^c21 ซม
650  7 ^aสุขภาพจิต
700 0  ^aพลินี เสริมสินสิริ,^eบรรณาธิการ
700 0  ^aสุภกาญจน์ สว่างศรี,^eบรรณาธิการ
700 0  ^aสมฤทัย เสือปาน,^eบรรณาธิการ
710 2  ^aสำนักงานปฏิรูประบบสุขภาพแห่งชาติ
945    ^p0^l0^i12439
945    ^p0^l0^i12438
995    ^aกัณชพร
999    ^aใช้งานได้ทุกระบบ
รายการนี้ยังไม่มีแท็ก
คุณยังไม่ได้ล็อกอิน คุณสามารถมีกิจกรรมร่วมกับเว็บไซต์ได้ แต่ต้องล็อกอินก่อน ::
  ล็อกอิน

รายการสื่อสารสนเทศ

ลำดับที่ ประเภท เลขเรียก/บาร์โค้ด สถานที่ สถานะ
- ไม่พบข้อมูล -

รายการใกล้เคียง
    หัวเรื่อง [สุขภาพจิต]

BibComment


ยังไม่เคยถูกคอมเมนท์

คอมเมนท์ทรัพยากรรายการนี้
  คอมเมนท์: จากสุขภาพทางจิตว..


 Copyright 2026. Bcnsprnw @Library